000 01903nam a2200277Ia 4500
003 OSt
005 20211001113555.0
008 130821s1990 ck gr spa
020 _a9589272010
040 _aCo-BoUCM
_bspa
_cCO-JMCR
041 0 0 _aspa
082 0 4 _a338.01986 /
_bZ35r
_223
100 1 _aZapata, Juan Gonzalo,
_eautor
_99772
245 1 0 _aReflexiones sobre la industria Colombiana /
_cCoordinador Juan Gonzalo Zapata
250 _a1a. edición.
260 _aBogotá (Colombia) :
_bFESCOL,
_c1990.
300 _a378 páginas :
_bilustraciones y gráficas en blanco y negro ;
_c21 cm.
504 _aIncluye índice.
505 0 _aLa actual crisis. -- El sector financiero y la restructuración industrial.
520 0 _aLa década de los noventa en el campo económico aparece como la de modernización e inserción de la economía colombiana en las corrientes del comercio internacional. El debate sobre el proceso de Apertura, a pesar de muy intenso, ha sido corto dada la velocidad a la que se han tomado las medidas. No ha sucedido lo mismo con la reestructuración industrial, campo en el cual no se han tomado determinaciones finales de como será el tan esperado proceso de reconversión. Con este libro la Fundación Friedrich Ebert de Colombia -FES COL-, busca colaborar en alguna medida al debate industrial con la presentación de investigaciones que cubren algunos de los temas centrales, que no han tenido una respuesta definitiva por parte de los expertos. Consideramos que el estudio de las investigaciones que con forman el libro, es un modesto aporte para el entendimiento de la problemática industrial colombiana, y de las futuras decisiones que se tomen por parte de las autoridades económicas.
650 1 4 _aCompetitividad
_911271
650 2 4 _aDesarrollo económico
_912956
650 2 4 _aEconomía
_9174
650 2 4 _aIndustria
_97726
942 _cBK
_2ddc
999 _c12536
_d12536